| 000 | 00838cam a2200253 4500 | ||
|---|---|---|---|
| 001 | 46667 | ||
| 003 | BD-RjUL | ||
| 005 | 20211209054204.0 | ||
| 008 | 160803s1963 ii 001 0 eng | ||
| 035 | _a(BD-RjUL)46786 | ||
| 040 |
_aDLC _cDLC _dBD-RjUL _beng |
||
| 041 | _aeng | ||
| 082 | 0 | 0 |
_a294.594 _220 _bSEH 1963 |
| 110 | 1 |
_aIndia (Republic). _kLaws, statutes, etc. _9142288 |
|
| 245 | 1 | 4 |
_aThe Hindu succession act (Act 30 of 1956) / _cby R. B. Sethi. Rev. and enl. by E. S. Subrahmanyan. |
| 250 | _a3rd edi. | ||
| 260 |
_aAllahabad : _bLaw Book Co., _c1963 |
||
| 300 |
_axxvi, 312 p. : _bill. ; _c25 cm. |
||
| 650 | 0 |
_aInheritance and succession (Hindu law) _979450 |
|
| 700 | 1 |
_aSethi, Raghbirlal Bhagatram, _eed. _979451 |
|
| 700 | 1 |
_aSubrahmanyam, E. S., _eed. _913621 |
|
| 942 |
_2ddc _cBK |
||
| 999 |
_c46667 _d46667 |
||